Peoria International Destinations (Peoria, IL, USA) - Statistics

General Stats
  • This quiz has been taken 51 times
    21 since last reset
  • The average score is 8 of 13
Answer Stats
Airline Destination % Correct
American Eagle/United Express Chicago (O'Hare)
100%
American Eagle Dallas/Fort Worth
83%
Allegiant Air Orlando/Sanford
83%
American Eagle Charlotte
72%
Allegiant Air/United Express Denver
72%
Allegiant Air Las Vegas
61%
Allegiant Air Fort Lauderdale
56%
Allegiant Air St. Petersburg/Clearwater
56%
Allegiant Air Phoenix/Mesa
50%
Allegiant Air Destin/Fort Walton Beach
44%
Allegiant Air Sarasota
44%
Allegiant Air Nashville
39%
Allegiant Air Punta Gorda (FL)
33%
No matching quizzes found
Score Distribution
Percent of People with Each Score
Percentile by Number Answered
Your Score History
You have not taken this quiz since the last reset